| Поле | Инд. | ПП | Название | Значение |
|---|---|---|---|---|
| Тип записи | a | |||
| Библиографический уровень | b | |||
| 001 | Контрольный номер | UNIDUBNAc43dcbf7b51a49339036cb6ea6e593f3 | ||
| 005 | Дата корректировки | 20230113111527.9 | ||
| 008 | Кодируемые данные | 20170331 | ||
| 040 | b | Код языка каталог. | rus | |
| e | Правила каталог. | PSBO | ||
| 041 | 0_ | a | Код языка текста | rus |
| 084 | a | Индекс другой классификации/Индекс ББК | 67.04 | |
| 100 | 1_ | a | Автор | Гаджиев Х. И. |
| q | Полное имя | Гаджиев Ханлар Иршадович | ||
| 245 | 10 | a | Заглавие | Роль судебной интерпретации в эволюции правоотношений |
| 520 | 0_ | a | Аннотация | Судья как основной интерпретатор правовой нормы при рассмотрении дел принимает во внимание существующее состояние общественных отношений. Это происходит на фоне установленных фактов дела и подлежащей применению нормы права. Анализ различных презумпций факта и права в процессе судебной аргументации диктует необходимость рассмотрения правовой нормы в контексте современных ценностей общества. Разница между развивающимся сознанием и подлежащим применению писаным законом минимизируется за счет выявления новых смыслов нормы права, позитивно воздействуя на эволюцию правоотношений в результате правоприменения |
| 650 | 14 | a | Основная рубрика | право |
| a | Основная рубрика | теория права | ||
| 653 | 0_ | a | Ключевые слова | интерпретация |
| a | Ключевые слова | правовые нормы | ||
| a | Ключевые слова | правовые отношения (правоотношения) | ||
| 773 | 08 | t | Заглавие источника | Российская юстиция |
| d | Дата издания источника | 2022 | ||
| g | Прочая информация | № 1. - С. 63 - 66 | ||
| w | Контрольный № источника | UNIDUBNAa7cfcf0562704bddb02b6914d5d070a4 | ||
| 901 | t | Тип документа | b |